[Event "Fagernes Chess GM-Swiss 2024"]
[Site "Fagernes"]
[Date "2024.03.30"]
[Round "8.19"]
[White "Shehzad, Shazil"]
[Black "Ingebretsen, Jens E"]
[Result "1-0"]
[WhiteElo "2301"]
[BlackElo "2402"]
[Annotator "RC"]
[PlyCount "207"]
[EventDate "2024.03.25"]
[EventType "swiss"]
[EventCountry "NOR"]
[SourceTitle "playchess.com"]
[Source "ChessBase"]
[SourceQuality "1"]

1. Nf3 Nf6 2. c4 c6 3. e3 d5 4. Nc3 e6 5. d4 Nbd7 6. Qc2 Bd6 7. b3 O-O 8. Be2 b6 9. O-O Bb7 10. Bb2 Qe7 11. Rad1 Rad8 12. Rfe1 Rfe8 13. g3 Bb4 14. Bf1 c5 15. Bg2 dxc4 16. bxc4 cxd4 17. exd4 Rc8 18. Qb3 Ba6 19. Nd2 Qd6 20. a3 Ba5 21. Nb5 Qb8 22. f4 Bxb5 23. Qxb5 Qc7 24. Bf1 Red8 25. Qb3 h5 26. Re2 Ng4 27. Qf3 b5 28. cxb5 Qc2 29. Qb3 Qg6 30. Nc4 Bc7 31. Rg2 Nb6 32. Ne5 Bxe5 33. fxe5 Qg5 34. Re1 Nd5 35. Rge2 h4 36. gxh4 Qxh4 37. Qg3 Qxg3+ 38. hxg3 Nh6 39. Rd2 Nf5 40. Kf2 Nc3 41. g4 Ne7 42. Kf3 Na4 43. Ba1 Rc7 44. Bd3 Rdc8 45. Rh1 Rc1 46. Rdd1 Rxd1 47. Rxd1 Nd5 48. Rd2 g5 49. Rc2 Rb8 50. Rc6 Nab6 51. Bb2 Kg7 52. Bc1 Rh8 53. Kg2 Rh4 54. Be2 Kg6 55. Bf3 Rh8 56. a4 Rd8 57. a5 Na8 58. Bxd5 Rxd5 59. Rc8 Rxb5 60. Rg8+ Kh7 61. Rxa8 Rxa5 62. Bxg5 Ra4 63. Be3 Kg6 64. Kf3 a6 65. Ke2 Ra3 66. Rc8 Ra2+ 67. Kf3 a5 68. Rc3 a4 69. Bc1 Ra1 70. Ke4 Rb1 71. Kd3 Rb7 72. Ra3 Ra7 73. Bd2 Ra8 74. Ra2 Ra7 75. Kc4 f5 76. exf6 Kxf6 77. Kb4 Rb7+ 78. Kxa4 e5 79. g5+ Kf5 80. dxe5 Kxe5 81. Ka3 Kf5 82. Rb2 Ra7+ 83. Kb3 Rc7 84. Rc2 Rb7+ 85. Kc3 Ke4 86. Rb2 Rc7+ 87. Kb3 Kf5 88. Ra2 Rc6 89. Ra4 Kg6 90. Rc4 Ra6 91. Kc3 Rd6 92. Rd4 Ra6 93. Kd3 Re6 94. Re4 Ra6 95. Ke2 Rd6 96. Be3 Ra6 97. Kf3 Rc6 98. Kg4 Ra6 99. Rb4 Kh7 100. Rb7+ Kg8 101. Kh5 Rd6 102. Bc1 Rd8 103. Bb2 Rc8 104. Bf6 1-0

[Event "Fagernes Chess GM-Swiss 2024"]
[Site "Fagernes"]
[Date "2024.03.30"]
[Round "8.20"]
[White "Krishnan, Ritvik"]
[Black "Panda Sambit"]
[Result "1/2-1/2"]
[WhiteElo "2277"]
[BlackElo "2377"]
[Annotator "RC"]
[PlyCount "143"]
[EventDate "2024.03.25"]
[EventType "swiss"]
[EventCountry "NOR"]
[SourceTitle "playchess.com"]
[Source "ChessBase"]
[SourceQuality "1"]

1. e4 c6 2. Nf3 d5 3. Nc3 Bg4 4. h3 Bxf3 5. Qxf3 e6 6. g3 Nd7 7. d4 Qb6 8. Qd3 dxe4 9. Nxe4 Ngf6 10. Bg2 Nxe4 11. Qxe4 Nf6 12. Qd3 Be7 13. c3 O-O 14. O-O a5 15. a4 Rad8 16. Qc4 Nd5 17. Rb1 Qc7 18. Qb3 Rd7 19. Bd2 b6 20. Rbd1 Rb8 21. Qc2 b5 22. Ra1 Qb6 23. axb5 cxb5 24. h4 Rc8 25. Qd3 a4 26. Qe2 h6 27. Kh2 Qb8 28. Kh1 Bf8 29. Rfe1 Qb6 30. Bf3 Rdd8 31. Kg2 a3 32. Bxd5 axb2 33. Rab1 Rxd5 34. Rxb2 Qc6 35. Qf3 Qd7 36. Reb1 e5 37. Be1 exd4 38. cxd4 Rc4 39. Qe2 Qc6 40. Qf3 Qd7 41. Qe2 Qc6 42. Qf3 Rcxd4 43. Rxb5 Rd3 44. Qe4 Rxb5 45. Qxc6 Rxb1 46. Qc2 Rbd1 47. Ba5 Rd5 48. Bb6 R1d2 49. Qc8 h5 50. Be3 R2d3 51. Bg5 Re5 52. Bf4 Re6 53. Qb8 Rd4 54. Be5 Rd2 55. Bc3 Rde2 56. Qd8 R2e4 57. Qc8 f6 58. Qd7 Bd6 59. Kf3 Bc5 60. Qd5 Bb6 61. Qxe4 Rxe4 62. Kxe4 Bxf2 63. Kf3 Bc5 64. g4 hxg4+ 65. Kxg4 Kf7 66. h5 Ke6 67. Kf3 Bf8 68. Bb2 Kf5 69. Bc1 Ke6 70. Bb2 Kf7 71. Ke4 Ke6 72. Kf3 1/2-1/2

[Event "Fagernes Chess GM-Swiss 2024"]
[Site "Fagernes"]
[Date "2024.03.30"]
[Round "8.21"]
[White "Brynell, Stellan"]
[Black "Kreken, Eivind Grunt"]
[Result "1/2-1/2"]
[WhiteElo "2406"]
[BlackElo "2215"]
[Annotator "TA"]
[PlyCount "29"]
[EventDate "2024.03.25"]
[EventType "swiss"]
[EventCountry "NOR"]
[SourceTitle "playchess.com"]
[Source "ChessBase"]
[SourceQuality "1"]

1. d4 d5 2. c4 e6 3. Nf3 Nf6 4. Nc3 Be7 5. Bg5 h6 6. Bxf6 Bxf6 7. e3 dxc4 8. Bxc4 c5 9. Ne4 cxd4 10. Nxf6+ Qxf6 11. Qxd4 Qxd4 12. Nxd4 Bd7 13. Ke2 Nc6 14. Rhd1 Ke7 15. Nxc6+ 1/2-1/2

[Event "Fagernes Chess GM-Swiss 2024"]
[Site "Fagernes"]
[Date "2024.03.30"]
[Round "8.22"]
[White "Kenneskog, Theodor"]
[Black "Akshit Kumar J"]
[Result "1/2-1/2"]
[WhiteElo "2358"]
[BlackElo "2172"]
[Annotator "RC"]
[PlyCount "55"]
[EventDate "2024.03.25"]
[EventType "swiss"]
[EventCountry "NOR"]
[SourceTitle "playchess.com"]
[Source "ChessBase"]
[SourceQuality "1"]

1. e4 e5 2. Nf3 Nf6 3. Nxe5 d6 4. Nf3 Nxe4 5. d4 d5 6. Bd3 Nc6 7. O-O Be7 8. Nbd2 Bf5 9. Re1 Nxd2 10. Qxd2 Bg6 11. Bxg6 hxg6 12. Qd3 O-O 13. c3 Qd7 14. Bf4 Rae8 15. Re3 Bd8 16. Rae1 Rxe3 17. Qxe3 f6 18. Nd2 Ne7 19. Nb3 b6 20. Qe2 g5 21. Bg3 Nf5 22. Qa6 c6 23. Bb8 Bc7 24. Bxc7 Qxc7 25. Qe2 Rf7 26. Qe8+ Kh7 27. Nd2 Qd7 28. Qxd7 1/2-1/2

[Event "Fagernes Chess GM-Swiss 2024"]
[Site "Fagernes"]
[Date "2024.03.30"]
[Round "8.23"]
[White "Skotheim, Andreas"]
[Black "Lund, Gunnar"]
[Result "1/2-1/2"]
[WhiteElo "2214"]
[BlackElo "2335"]
[Annotator "RC"]
[PlyCount "132"]
[EventDate "2024.03.25"]
[EventType "swiss"]
[EventCountry "NOR"]
[SourceTitle "playchess.com"]
[Source "ChessBase"]
[SourceQuality "1"]

1. e4 d6 2. Nc3 g6 3. d4 Nf6 4. Nf3 Bg7 5. Be2 O-O 6. O-O c6 7. a4 Qc7 8. h3 e5 9. dxe5 dxe5 10. Bc4 Nh5 11. Ne2 Qe7 12. Bg5 Bf6 13. Bh6 Rd8 14. Qc1 Be6 15. Bxe6 Qxe6 16. g4 Ng7 17. Ng3 Nd7 18. Ra3 Be7 19. Ng5 Bxg5 20. Bxg5 f6 21. Bh6 Qe7 22. Kh2 Nc5 23. Rg1 Kh8 24. b4 Nce6 25. Nf5 gxf5 26. gxf5 Qxb4 27. fxe6 Nxe6 28. Rag3 Rg8 29. Rxg8+ Rxg8 30. Rxg8+ Kxg8 31. Qg1+ Kf7 32. Qg4 Qe7 33. Qh5+ Kg8 34. Qg4+ Kh8 35. Qd1 Nc5 36. Qg4 Qd7 37. Qf3 Qe6 38. Be3 Nd7 39. Bxa7 b6 40. Qe3 c5 41. a5 bxa5 42. Bxc5 Qc6 43. Be7 Qxc2 44. Qa7 Qd2 45. Kg2 Qd4 46. Qxd4 exd4 47. Kf3 Kg7 48. Ke2 Kf7 49. Ba3 Ke6 50. f4 f5 51. Kd3 fxe4+ 52. Kxe4 Nf6+ 53. Kxd4 Kf5 54. Kc4 Nh5 55. Kb5 Nxf4 56. h4 h5 57. Kxa5 Ng6 58. Kb4 Nxh4 59. Kc3 Nf3 60. Be7 Ng5 61. Bxg5 Kxg5 62. Kd2 Kf4 63. Ke2 Kg3 64. Kf1 h4 65. Kg1 h3 66. Kh1 h2 1/2-1/2

[Event "Fagernes Chess GM-Swiss 2024"]
[Site "Fagernes"]
[Date "2024.03.30"]
[Round "8.24"]
[White "Kistrup, Nicolai"]
[Black "Aniruddh Chatterjee"]
[Result "1-0"]
[WhiteElo "2324"]
[BlackElo "2182"]
[Annotator "RC"]
[PlyCount "51"]
[EventDate "2024.03.25"]
[EventType "swiss"]
[EventCountry "NOR"]
[SourceTitle "playchess.com"]
[Source "ChessBase"]
[SourceQuality "1"]

1. e4 c5 2. Nf3 d6 3. d4 cxd4 4. Nxd4 Nf6 5. Nc3 e6 6. g4 e5 7. Bb5+ Bd7 8. Bxd7+ Qxd7 9. Nf5 h5 10. f3 hxg4 11. fxg4 Nc6 12. Bg5 Nh7 13. Bh4 g6 14. Ne3 Nd4 15. Ncd5 Bh6 16. c3 Ne6 17. Nc4 Bf4 18. Be7 Qc6 19. Nxd6+ Kd7 20. Nxf7 Rhe8 21. Ba3 Nd4 22. cxd4 Ke6 23. Nd6 Bg5 24. h4 Bd8 25. Nxe8 Qxe8 26. Qb3 1-0

[Event "Fagernes Chess GM-Swiss 2024"]
[Site "Fagernes"]
[Date "2024.03.30"]
[Round "8.25"]
[White "Andersen, Morten"]
[Black "Hedman, Erik"]
[Result "1/2-1/2"]
[WhiteElo "2178"]
[BlackElo "2311"]
[Annotator "RC"]
[PlyCount "63"]
[EventDate "2024.03.25"]
[EventType "swiss"]
[EventCountry "NOR"]
[SourceTitle "playchess.com"]
[Source "ChessBase"]
[SourceQuality "1"]

1. d4 Nf6 2. Nf3 e6 3. c4 b6 4. e3 Bb7 5. Nbd2 c5 6. b3 cxd4 7. exd4 Be7 8. Bd3 O-O 9. O-O d5 10. Bb2 Nc6 11. Rc1 Rc8 12. Qe2 Bd6 13. Ne5 Ne7 14. Ndf3 Rc7 15. Ng5 h6 16. Nh3 Qa8 17. f3 a6 18. Bb1 Rfc8 19. Nxf7 Kxf7 20. Rfe1 Bb4 21. Qxe6+ Kf8 22. Bc3 Bxc3 23. Rxc3 dxc4 24. bxc4 b5 25. Nf4 bxc4 26. Qd6 Kg8 27. Rxe7 Rxe7 28. Qxe7 Re8 29. Qb4 Nd5 30. Nxd5 Bxd5 31. Rc1 Qd8 32. Re1 1/2-1/2

[Event "Fagernes Chess GM-Swiss 2024"]
[Site "Fagernes"]
[Date "2024.03.30"]
[Round "8.26"]
[White "Vagman, Roy"]
[Black "Myagmarsuren, Evsuld"]
[Result "1-0"]
[WhiteElo "2311"]
[BlackElo "2138"]
[Annotator "RC"]
[PlyCount "89"]
[EventDate "2024.03.25"]
[EventType "swiss"]
[EventCountry "NOR"]
[SourceTitle "playchess.com"]
[Source "ChessBase"]
[SourceQuality "1"]

1. e4 c5 2. Nf3 d6 3. Bb5+ Nd7 4. Ba4 Ngf6 5. O-O e6 6. d3 Be7 7. c4 O-O 8. Nc3 Ne5 9. Nxe5 dxe5 10. f4 exf4 11. Bxf4 Bd7 12. e5 Bxa4 13. Nxa4 Qd4+ 14. Kh1 Nd7 15. Nc3 f6 16. Nb5 Qxb2 17. a4 fxe5 18. Rb1 Qa2 19. Nc3 Qa3 20. Bd2 Rxf1+ 21. Qxf1 b6 22. Qe1 Rf8 23. Kg1 a5 24. Bc1 Qb4 25. Rxb4 axb4 26. Ne4 Ra8 27. Qd1 h6 28. Qg4 Kf7 29. Nd6+ Bxd6 30. Qf3+ Ke7 31. Qxa8 e4 32. Qxe4 Be5 33. Qe2 Kd6 34. Bb2 Bxb2 35. Qxb2 Ne5 36. Kf1 g5 37. Ke2 Nc6 38. Qf6 Nd4+ 39. Kd1 Nf5 40. Kd2 g4 41. Qd8+ Kc6 42. Qe8+ Kd6 43. Qb5 Nd4 44. Qxb6+ Kd7 45. a5 1-0

[Event "Fagernes Chess GM-Swiss 2024"]
[Site "Fagernes"]
[Date "2024.03.30"]
[Round "8.27"]
[White "Daakshin Arun"]
[Black "Eliseev, Sergey"]
[Result "0-1"]
[WhiteElo "2283"]
[BlackElo "2131"]
[Annotator "RC"]
[PlyCount "82"]
[EventDate "2024.03.25"]
[EventType "swiss"]
[EventCountry "NOR"]
[SourceTitle "playchess.com"]
[Source "ChessBase"]
[SourceQuality "1"]

1. d4 d5 2. c4 e6 3. Nc3 a6 4. cxd5 exd5 5. Nf3 h6 6. Bf4 Nf6 7. e3 Bd6 8. Be5 c6 9. Bd3 O-O 10. h3 Bxe5 11. dxe5 Nfd7 12. O-O Qe7 13. e4 dxe4 14. Bxe4 Nxe5 15. Re1 Nxf3+ 16. Qxf3 Be6 17. Ne2 Nd7 18. Nd4 Qf6 19. Nxe6 fxe6 20. Qe2 Nb6 21. Rad1 Rad8 22. Bb1 Rxd1 23. Rxd1 Nd5 24. Qc2 Qe5 25. a3 Rf4 26. Rd2 Rc4 27. Qd1 c5 28. Re2 Qg5 29. Re1 Rc1 30. Qxc1 Nf4 31. Be4 Ne2+ 32. Rxe2 Qxc1+ 33. Kh2 b5 34. g3 Qd1 35. Bf3 Qd6 36. Kg2 c4 37. h4 a5 38. Re1 Qd4 39. Rxe6 Qxb2 40. Bd5 Kf8 41. Rb6 c3 0-1

[Event "Fagernes Chess GM-Swiss 2024"]
[Site "Fagernes"]
[Date "2024.03.30"]
[Round "8.28"]
[White "Fiskaaen, Martin Holten"]
[Black "Moreby, James"]
[Result "1/2-1/2"]
[WhiteElo "2118"]
[BlackElo "2260"]
[Annotator "RC"]
[PlyCount "95"]
[EventDate "2024.03.25"]
[EventType "swiss"]
[EventCountry "NOR"]
[SourceTitle "playchess.com"]
[Source "ChessBase"]
[SourceQuality "1"]

1. d4 f5 2. g3 Nf6 3. Bg2 e6 4. Nf3 Be7 5. O-O Ne4 6. c4 d5 7. Nc3 c6 8. Qc2 Nd7 9. b3 Bf6 10. Bb2 O-O 11. e3 b6 12. Ne2 Bb7 13. Nf4 Re8 14. Rfd1 Rc8 15. Rac1 g6 16. Qe2 Qe7 17. Nd3 Qg7 18. Rc2 a5 19. Rdc1 dxc4 20. bxc4 c5 21. Nfe5 cxd4 22. exd4 Nxe5 23. dxe5 Be7 24. Bd4 Bc5 25. Bxc5 Nxc5 26. Bxb7 Qxb7 27. Rb1 Nd7 28. h4 Rc6 29. Qe3 Qc7 30. h5 Kg7 31. hxg6 hxg6 32. Qd4 g5 33. Ne1 Kg6 34. Nf3 g4 35. Rd1 gxf3 36. Qxd7 Qxd7 37. Rxd7 Rc5 38. Rd3 b5 39. Rxf3 b4 40. a3 Rec8 41. axb4 axb4 42. Rf4 Rxe5 43. Rb2 Re1+ 44. Kg2 e5 45. Rh4 Rb8 46. c5 e4 47. Rh1 Rxh1 48. Kxh1 1/2-1/2

[Event "Fagernes Chess GM-Swiss 2024"]
[Site "Fagernes"]
[Date "2024.03.30"]
[Round "8.29"]
[White "Aamodt, Peder Marcus"]
[Black "Lindh, Fredrik"]
[Result "0-1"]
[WhiteElo "1941"]
[BlackElo "2256"]
[Annotator "RC"]
[PlyCount "82"]
[EventDate "2024.03.25"]
[EventType "swiss"]
[EventCountry "NOR"]
[SourceTitle "playchess.com"]
[Source "ChessBase"]
[SourceQuality "1"]

1. e4 c5 2. Nf3 Nc6 3. Bb5 g6 4. O-O Bg7 5. c3 Nf6 6. Re1 O-O 7. d4 d5 8. e5 Ne4 9. Bxc6 bxc6 10. Be3 Qb6 11. Qc1 c4 12. Nbd2 Nxd2 13. Nxd2 Bf5 14. b3 Bd3 15. Qa3 Rfe8 16. Bg5 Bf8 17. bxc4 dxc4 18. e6 f6 19. Bf4 Qb5 20. Qc5 Qxc5 21. dxc5 Red8 22. Nf3 Rd5 23. Nd4 Rxc5 24. a4 Rc8 25. Ra2 g5 26. Bc1 Ra5 27. Ra1 c5 28. Nb5 Rc6 29. f4 g4 30. h3 gxh3 31. g4 h5 32. gxh5 Bf5 33. Be3 Bxe6 34. Kh2 Bf5 35. Red1 a6 36. Na3 Rxa4 37. Rd8 Kf7 38. Rb8 Ra5 39. Rb7 Re6 40. Bc1 Re2+ 41. Kg3 Be4 0-1

[Event "Fagernes Chess GM-Swiss 2024"]
[Site "Fagernes"]
[Date "2024.03.30"]
[Round "8.30"]
[White "Mihajlov, Sebastian"]
[Black "Southcott-Moyers, Indy"]
[Result "1/2-1/2"]
[WhiteElo "2373"]
[BlackElo "2120"]
[Annotator "RC"]
[PlyCount "25"]
[EventDate "2024.03.25"]
[EventType "swiss"]
[EventCountry "NOR"]
[SourceTitle "playchess.com"]
[Source "ChessBase"]
[SourceQuality "1"]

1. e4 c6 2. d4 d5 3. e5 c5 4. dxc5 e6 5. a3 Bxc5 6. b4 Be7 7. Nf3 f6 8. Bd3 a5 9. b5 Nd7 10. Bb2 Nh6 11. Nbd2 Nf7 12. exf6 Bxf6 13. Bxf6 1/2-1/2

[Event "Fagernes Chess GM-Swiss 2024"]
[Site "Fagernes"]
[Date "2024.03.30"]
[Round "8.32"]
[White "Vijayakumar, Rishi"]
[Black "Carlsson, Ludvig"]
[Result "1-0"]
[WhiteElo "2156"]
[BlackElo "2350"]
[Annotator "RC"]
[PlyCount "59"]
[EventDate "2024.03.25"]
[EventType "swiss"]
[EventCountry "NOR"]
[SourceTitle "playchess.com"]
[Source "ChessBase"]
[SourceQuality "1"]

1. d4 Nf6 2. c4 e6 3. Nf3 d5 4. Nc3 Be7 5. Bf4 O-O 6. a3 b6 7. Qc2 c5 8. Rd1 Bb7 9. e3 Nbd7 10. cxd5 exd5 11. Bd3 c4 12. Bf5 g6 13. Bh3 a6 14. O-O b5 15. Ne5 Nb6 16. Bh6 Re8 17. f4 Bf8 18. Bg5 h6 19. f5 hxg5 20. fxg6 fxg6 21. Qxg6+ Bg7 22. Qf7+ Kh8 23. Qxb7 Qb8 24. Qc6 g4 25. Rxf6 gxh3 26. Rh6+ Kg8 27. Qg6 Rxe5 28. Rf1 Rf5 29. Rxf5 Qg3 30. Qh7# 1-0

[Event "Fagernes Chess GM-Swiss 2024"]
[Site "Fagernes"]
[Date "2024.03.30"]
[Round "8.33"]
[White "Mihajlov, Svetoslav"]
[Black "Nordahl, Helge"]
[Result "0-1"]
[WhiteElo "2094"]
[BlackElo "2330"]
[Annotator "RC"]
[PlyCount "68"]
[EventDate "2024.03.25"]
[EventType "swiss"]
[EventCountry "NOR"]
[SourceTitle "playchess.com"]
[Source "ChessBase"]
[SourceQuality "1"]

1. c4 f5 2. Nc3 Nf6 3. g3 e5 4. Bg2 Nc6 5. e3 d5 6. Nxd5 Nxd5 7. cxd5 Nb4 8. d4 e4 9. Ne2 Nxd5 10. O-O Be6 11. f3 exf3 12. Bxf3 c6 13. Nc3 Be7 14. e4 Nxc3 15. bxc3 O-O 16. e5 Bd5 17. Bxd5+ Qxd5 18. Qb3 b6 19. Be3 b5 20. Qxd5+ cxd5 21. a4 bxa4 22. c4 dxc4 23. Rxa4 Rfc8 24. Rxf5 a5 25. Kf2 Rab8 26. Ke2 Rb2+ 27. Kd1 c3 28. Bc1 Rxh2 29. d5 Bb4 30. Rxb4 axb4 31. d6 b3 32. e6 b2 33. Bxb2 cxb2 34. Rb5 Rc1# 0-1

[Event "Fagernes Chess GM-Swiss 2024"]
[Site "Fagernes"]
[Date "2024.03.30"]
[Round "8.34"]
[White "Gandrud, Vegar Koi"]
[Black "Rounaiv Rana"]
[Result "1-0"]
[WhiteElo "2293"]
[BlackElo "2099"]
[Annotator "RC"]
[PlyCount "77"]
[EventDate "2024.03.25"]
[EventType "swiss"]
[EventCountry "NOR"]
[SourceTitle "playchess.com"]
[Source "ChessBase"]
[SourceQuality "1"]

1. d4 Nf6 2. c4 g6 3. Nc3 Bg7 4. e4 d6 5. Nf3 O-O 6. Be2 e5 7. d5 a5 8. Be3 Na6 9. Nd2 Nd7 10. g4 Ndc5 11. h4 f5 12. g5 Bd7 13. h5 Qe7 14. h6 Bh8 15. Rg1 Rab8 16. f3 f4 17. Bxc5 Nxc5 18. Nb3 b6 19. Nxc5 dxc5 20. Qd3 Qd6 21. Bd1 Rfd8 22. Ba4 Bxa4 23. Nxa4 c6 24. Nc3 b5 25. O-O-O b4 26. Na4 cxd5 27. Qxd5+ Qxd5 28. Rxd5 Rxd5 29. cxd5 Kf7 30. Kd2 c4 31. Rc1 Rc8 32. Nb6 c3+ 33. bxc3 Rb8 34. Nc4 bxc3+ 35. Rxc3 a4 36. Na5 Rb2+ 37. Rc2 a3 38. Rxb2 axb2 39. Kc2 1-0

[Event "Fagernes Chess GM-Swiss 2024"]
[Site "Fagernes"]
[Date "2024.03.30"]
[Round "8.35"]
[White "Avetisyan, Ani"]
[Black "Al-Tarboush, Ward"]
[Result "1/2-1/2"]
[WhiteElo "1840"]
[BlackElo "2277"]
[Annotator "RC"]
[PlyCount "87"]
[EventDate "2024.03.25"]
[EventType "swiss"]
[EventCountry "NOR"]
[SourceTitle "playchess.com"]
[Source "ChessBase"]
[SourceQuality "1"]

1. d4 d5 2. c4 c6 3. cxd5 cxd5 4. Bf4 Nc6 5. e3 Nf6 6. Nc3 Bg4 7. Nge2 e6 8. f3 Bh5 9. Qb3 Qd7 10. Rc1 Be7 11. Bg3 O-O 12. Nf4 Bg6 13. Nxg6 hxg6 14. Bd3 Nh5 15. O-O Nxg3 16. hxg3 Rac8 17. Kf2 Rfd8 18. f4 Na5 19. Qd1 f5 20. g4 Nc4 21. Qe2 Nd6 22. g5 Kf7 23. Rh1 a6 24. a4 Ne4+ 25. Nxe4 dxe4 26. Bc2 Qd5 27. Qd1 Rc6 28. g4 Rb6 29. Rb1 Rc8 30. Rh2 Rb4 31. Kg3 Qc4 32. gxf5 exf5 33. Rc1 Rxb2 34. Bxe4 Qxc1 35. Qxc1 Rxc1 36. Bd5+ Ke8 37. Rxb2 Rc3 38. Kf3 Ba3 39. Rxb7 Bc1 40. Rb3 Rxb3 41. Bxb3 a5 42. Ke2 Kf8 43. Kd3 Ke7 44. Bc4 1/2-1/2

[Event "Fagernes Chess GM-Swiss 2024"]
[Site "Fagernes"]
[Date "2024.03.30"]
[Round "8.36"]
[White "Brattgjerd, Isak Vinh"]
[Black "Oksendal, Martin"]
[Result "1/2-1/2"]
[WhiteElo "2228"]
[BlackElo "2086"]
[Annotator "RC"]
[PlyCount "77"]
[EventDate "2024.03.25"]
[EventType "swiss"]
[EventCountry "NOR"]
[SourceTitle "playchess.com"]
[Source "ChessBase"]
[SourceQuality "1"]

1. d4 Nf6 2. Nf3 d5 3. c3 g6 4. Bf4 Bg7 5. Nbd2 O-O 6. h3 Nbd7 7. e3 c5 8. Bd3 b6 9. O-O Bb7 10. Qb1 Re8 11. Bh2 Nh5 12. Ne5 cxd4 13. cxd4 Bxe5 14. dxe5 Ng7 15. Nf3 Ne6 16. Nd4 Ndc5 17. b4 Nxd4 18. bxc5 Ne6 19. cxb6 axb6 20. Rd1 Qc7 21. Qb4 Qc5 22. Qg4 Ra3 23. Rac1 Rc3 24. Rxc3 Qxc3 25. h4 h5 26. Qe2 Nc5 27. Bf4 Ne6 28. Bb5 Bc6 29. Bg3 Rd8 30. Bxc6 Qxc6 31. Qb2 Rc8 32. Rb1 Qc2 33. Qxb6 Qxa2 34. Rd1 Qa8 35. Qb4 Rc7 36. Qb5 Rc5 37. Qd7 Qd8 38. Qa4 Qc8 39. Qb3 1/2-1/2

[Event "Fagernes Chess GM-Swiss 2024"]
[Site "Fagernes"]
[Date "2024.03.30"]
[Round "8.37"]
[White "Thangavel, Gokul"]
[Black "Rasmussen, Casper"]
[Result "1/2-1/2"]
[WhiteElo "1990"]
[BlackElo "2244"]
[Annotator "RC"]
[PlyCount "56"]
[EventDate "2024.03.25"]
[EventType "swiss"]
[EventCountry "NOR"]
[SourceTitle "playchess.com"]
[Source "ChessBase"]
[SourceQuality "1"]

1. d4 d5 2. c4 c6 3. cxd5 cxd5 4. Bf4 Nf6 5. e3 Nc6 6. Bb5 Bd7 7. Nc3 a6 8. Bd3 Bg4 9. f3 Bh5 10. Nge2 e6 11. O-O Bd6 12. Rc1 O-O 13. Na4 Bg6 14. Nc5 Bxc5 15. Rxc5 Qe7 16. Bxg6 hxg6 17. Bg5 Qd6 18. Qb3 Nd7 19. Rc3 Na5 20. Qc2 Nc4 21. b3 Na3 22. Qd2 Nb5 23. Rc2 Rfc8 24. Rfc1 Na7 25. Bf4 Qe7 26. Rc7 Rab8 27. Qa5 Nc6 28. R7xc6 Rxc6 1/2-1/2

[Event "Fagernes Chess GM-Swiss 2024"]
[Site "Fagernes"]
[Date "2024.03.30"]
[Round "8.38"]
[White "Okuno Okuno, Rion"]
[Black "Havik, Victor"]
[Result "1-0"]
[WhiteElo "1981"]
[BlackElo "2078"]
[Annotator "NA"]
[PlyCount "49"]
[EventDate "2024.03.25"]
[EventType "swiss"]
[EventCountry "NOR"]
[SourceTitle "playchess.com"]
[Source "ChessBase"]
[SourceQuality "1"]

1. e4 c5 2. Nf3 e6 3. d4 cxd4 4. Nxd4 a6 5. Bd3 Bc5 6. Nb3 Ba7 7. Qe2 Ne7 8. Nc3 b5 9. e5 Qc7 10. f4 d5 11. Be3 b4 12. Nb1 Nbc6 13. Qf2 Nxe5 14. fxe5 Qxe5 15. Kd2 Bxe3+ 16. Qxe3 Qxb2 17. a3 e5 18. axb4 e4 19. Bxe4 dxe4 20. Nc3 O-O 21. Rhb1 Rd8+ 22. Nd4 Nf5 23. Rxb2 Rxd4+ 24. Qxd4 Nxd4 25. Ke3 1-0

[Event "Fagernes Chess GM-Swiss 2024"]
[Site "Fagernes"]
[Date "2024.03.30"]
[Round "8.39"]
[White "Gasland, Lukas Dominik"]
[Black "Zheng, Harry Z"]
[Result "0-1"]
[WhiteElo "1985"]
[BlackElo "2077"]
[Annotator "NA RC"]
[PlyCount "46"]
[EventDate "2024.03.25"]
[EventType "swiss"]
[EventCountry "NOR"]
[SourceTitle "playchess.com"]
[Source "ChessBase"]
[SourceQuality "1"]

1. e4 e5 2. Nf3 Nc6 3. Bb5 a6 4. Ba4 Nf6 5. O-O Be7 6. Re1 b5 7. Bb3 d6 8. a4 Bg4 9. c3 Na5 10. Bc2 O-O 11. h3 Bh5 12. d4 exd4 13. cxd4 c5 14. dxc5 dxc5 15. e5 Nd7 16. g4 Bg6 17. Bxg6 hxg6 18. e6 fxe6 19. Qe2 e5 20. axb5 axb5 21. Nc3 Nb3 22. Rxa8 Qxa8 23. Nxe5 Nd4 0-1

[Event "Fagernes Chess GM-Swiss 2024"]
[Site "Fagernes"]
[Date "2024.03.30"]
[Round "8.40"]
[White "Shivika Rohilla"]
[Black "Kaewpitakkun, Pantham"]
[Result "1-0"]
[WhiteElo "2003"]
[BlackElo "1989"]
[Annotator "NA RC"]
[PlyCount "89"]
[EventDate "2024.03.25"]
[EventType "swiss"]
[EventCountry "NOR"]
[SourceTitle "playchess.com"]
[Source "ChessBase"]
[SourceQuality "1"]

1. e4 c5 2. c3 Nf6 3. e5 Nd5 4. Nf3 Nc6 5. Bc4 Nb6 6. Bb3 d6 7. exd6 Qxd6 8. O-O g6 9. Na3 Bg7 10. d4 cxd4 11. Nb5 Qd8 12. Nbxd4 Nxd4 13. Nxd4 O-O 14. Qf3 e5 15. Nc2 a5 16. a4 Qe7 17. Re1 Nd7 18. Ne3 Nc5 19. Nd5 Qd8 20. Bc4 Be6 21. Rd1 Qh4 22. Qe2 e4 23. g3 Qg4 24. Be3 Qxe2 25. Bxe2 Nd3 26. Bxd3 Bxd5 27. Bb5 Bc6 28. Bb6 Bxb5 29. axb5 a4 30. Rd7 Rfb8 31. Rc7 Bf8 32. Rd1 Rd8 33. Rxd8 Rxd8 34. Rxb7 Rd2 35. Rb8 Kg7 36. c4 Rc2 37. Bd4+ f6 38. Rc8 e3 39. fxe3 g5 40. b6 g4 41. b7 Rc1+ 42. Kf2 Bb4 43. b8=Q Rc2+ 44. Kf1 Rd2 45. Rg8+ 1-0

[Event "Fagernes Chess GM-Swiss 2024"]
[Site "Fagernes"]
[Date "2024.03.30"]
[Round "8.41"]
[White "Anishka Vikram"]
[Black "Stark, John"]
[Result "0-1"]
[WhiteElo "1995"]
[BlackElo "1947"]
[Annotator "NA RC"]
[PlyCount "164"]
[EventDate "2024.03.25"]
[EventType "swiss"]
[EventCountry "NOR"]
[SourceTitle "playchess.com"]
[Source "ChessBase"]
[SourceQuality "1"]

1. d4 e6 2. c4 b6 3. a3 Bb7 4. Nc3 f5 5. d5 Nf6 6. g3 Na6 7. Bg2 Nc5 8. Nh3 Bd6 9. O-O O-O 10. Qc2 Qe7 11. Be3 c6 12. b4 Nce4 13. Nxe4 Nxe4 14. dxc6 Bxc6 15. Rac1 Rac8 16. Rfd1 Be5 17. Bd4 Bb8 18. Bb2 Qe8 19. Qd3 Rf7 20. f3 Nf6 21. e4 fxe4 22. fxe4 Ng4 23. Qe2 Ne5 24. Nf4 Ba4 25. Re1 Qe7 26. Kh1 Rcf8 27. Bd4 Bc6 28. Be3 g6 29. c5 bxc5 30. Bxc5 d6 31. Bg1 g5 32. Nh3 h6 33. b5 Be8 34. a4 Qb7 35. Rf1 Rxf1 36. Rxf1 Rxf1 37. Qxf1 Bg6 38. Qe2 Qc7 39. Nf2 Kg7 40. Qb2 Qc4 41. a5 h5 42. b6 a6 43. Qd2 Nf7 44. Qb2+ Ne5 45. Qd2 Nf7 46. Qe1 Ne5 47. Qe3 Kf6 48. Nh3 g4 49. Nf4 Be8 50. Ne2 Ng6 51. Qf2+ Ke7 52. Nd4 Qc3 53. Qa2 Bd7 54. Ne2 Qb4 55. Qa1 Ne5 56. Qc1 Nf7 57. Nd4 Qa4 58. Qd2 Qa1 59. Nb3 Qa4 60. Nd4 Qa1 61. Ne2 Bc6 62. Nf4 Qb1 63. Qd4 Ne5 64. Ng6+ Nxg6 65. Qg7+ Kd8 66. Qxg6 Qa2 67. Qxh5 Qe2 68. Qh8+ Be8 69. Qg7 Bc6 70. Qg8+ Ke7 71. Qg7+ Kd8 72. Qf6+ Kd7 73. Qf7+ Kc8 74. Qxe6+ Kb7 75. Qf7+ Ka8 76. Qf5 Kb7 77. Qe6 Ka8 78. Qc8 Qb5 79. Qxg4 Qxa5 80. h4 Qe5 81. Qc8 Bb7 82. Kh2 Bxc8 0-1